000 00458 a2200157 4500
020 _a0030311497
040 _aDLC
_bDLC
100 1 0 _aJudd, Charles M.
245 1 0 _aResearch methods in social relations
_cCharles M. Judd, Eliot Smith and Louise Kidder.
250 _a5th ed.
260 _bNational Book Foundation
_c1991.
_aIslamabad
300 _a563 p.
_bill.
_c24 cm.
700 1 0 _aSmith, Eliot.
700 1 0 _aKidder, Louise.
942 _cBK
_k300.72 KID
_2ddc
999 _c7171
_d7171